000
00233nam a22001097a 4500
082
_a
669.142 MAN
100
_a
PDF
_9
56879
245
_a
MANUAL OF STEEL CONSTRUCTION
260
_a
NEW YORK
_b
PDF
_c
1973
300
_a
296P
942
_c
BK
999
_c
583891
_d
583891